01221nam a2200325 a 4500001001100000003000800011006001900019007001500038008004100053015001500094016001900109020001500128040002100143035002100164050002500185082001500210245010900225260003400334300003900368504003900407533015200446650003300598650003000631650003000661655002900691700001800720710001700738856012500755999001500880ebr5002855CaPaEBRm u cr cn|||||||||000403s1999 enkabh sb 001 0 eng  aGB99-152507 a04192229012Uk z0419222901 aCaPaEBRcCaPaEBR a(OCoLC)32673616714aRA591.5b.W38 1999eb04a333.9122100aWater resourcesh[electronic resource] :bhealth, environment and development /cedited by Brian H. Kay. aLondon :bE & FN Spon,c1999. axvii,250p. :bill., facsim., maps. aIncludes bibliographies and index. aElectronic reproduction.bPalo Alto, Calif. :cebrary,d2013.nAvailable via World Wide Web.nAccess may be limited to ebrary affiliated libraries. 0aWater resources development. 0aWater quality management. 0aWater-supplyxManagement. 7aElectronic books.2local1 aKay, Brian H.2 aebrary, Inc.40uhttp://site.ebrary.com/lib/rucke/Doc?id=5002855zAn electronic book accessible through the World Wide Web; click to view c1758d1758